[Event "8th Amplico AIG Life Rapid"]
[Site "Warsaw POL"]
[Date "2008.12.21"]
[Round "11"]
[White "Malisauskas,V"]
[Black "Janczarski,M"]
[Result "1-0"]
[WhiteElo "2479"]
[BlackElo "2269"]

1.e4 c5 2.Nc3 e6 3.Nf3 a6 4.d4 cxd4 5.Nxd4 d6 6.g3 Nf6 7.Bg2 g6 8.O-O Bg7
9.Nb3 O-O 10.Bf4 e5 11.Bg5 h6 12.Bxf6 Bxf6 13.Nd5 Nc6 14.Nd2 Be6 15.Nc4 Kg7
16.Nce3 Re8 17.Nxf6 Kxf6 18.f4 exf4 19.gxf4 Qb6 20.Qf3 Nd4 21.Qf2 Qc5 22.f5 gxf5
23.b4 Qa7 24.c3 Nc6 25.exf5 Bd7 26.Qh4+ Kg7 27.f6+ Kh7 28.Be4+ Rxe4 29.Qxe4+ Kh8
30.Qf4 Rg8+ 31.Kh1 Rg6 32.Rg1 Kh7 33.Rxg6  1-0

[Event "Open A"]
[Site "Groningen NED"]
[Date "2008.12.22"]
[Round "2"]
[White "Van Kampen,R"]
[Black "Hoffmann,Micha1"]
[Result "0-1"]
[WhiteElo "2307"]
[BlackElo "2469"]

1.e4 c5 2.Nf3 e6 3.d4 cxd4 4.Nxd4 a6 5.Nc3 Qc7 6.Bd3 Nf6 7.O-O Bc5 8.Nb3 Be7
9.f4 d6 10.Kh1 Nbd7 11.Qf3 b5 12.Bd2 Bb7 13.Rae1 Nc5 14.Qh3 b4 15.Nd1 Nfxe4
16.Bxb4 Nxd3 17.Qxd3 d5 18.Bxe7 Qxe7 19.Ne3 O-O 20.Nd4 a5 21.f5 Ba6 22.c4 Qh4
23.Kg1 dxc4 24.Qc2 Ng5 25.Qc3 Ne4 26.Qc2 c3 27.Nf3 Qf4 28.g3 Nxg3 29.hxg3 Qxg3+
30.Ng2 Bxf1 31.Rxf1 cxb2 32.Qxb2 exf5 33.Nh4 g6 34.Qf6 Rae8 35.Qb6 Re2 36.Qxa5 Rfe8
37.a4 R8e4 38.Qd8+ Kg7 39.Qd1 Rxh4 40.Qxe2 Qh2+ 41.Kf2 Rf4+ 42.Ke1 Re4 43.Ne3 Qxe2+
44.Kxe2 f4 45.Ra1 Rxe3+ 46.Kf2 Re6 47.a5 Ra6  0-1

[Event "1st Asian Clubs"]
[Site "Al Ain UAE"]
[Date "2008.12.27"]
[Round "3"]
[White "Ahmadjan,Z"]
[Black "Elbaba,E"]
[Result "1-0"]
[WhiteElo "2056"]
[BlackElo "2186"]

1.e4 e6 2.d4 c5 3.Nf3 cxd4 4.Nxd4 a6 5.Nc3 Qc7 6.Bd3 Nf6 7.Bg5 Nc6 8.Nxc6 bxc6
9.O-O Be7 10.Qe2 d6 11.Kh1 O-O 12.f4 h6 13.e5 hxg5 14.exf6 Bxf6 15.fxg5 Be5
16.g6 f5 17.Rae1 Re8 18.Qh5 Kf8 19.Rxe5 dxe5 20.Qh8+ Ke7 21.Qxg7+ Kd8 22.Qf6+ Qe7
23.Qxe5 Rg8 24.Bc4 Ra7 25.Na4 Rd7 26.Qxe6 Qxe6 27.Bxe6 Rxg6 28.Bxd7 Bxd7
29.Nc5 Bc8 30.Rd1+ Ke7 31.Kg1 Rg4 32.b3 a5 33.Nd3 Rd4 34.Re1+ Kf6 35.g3 Be6
36.Nf4 Bf7 37.Kf2 a4 38.Ke3 c5 39.Re2 Kg5 40.Kf3 Kf6 41.h4 axb3 42.axb3 c4
43.c3 Rd1 44.b4 Rc1 45.Re3 Rc2 46.g4 fxg4+ 47.Kxg4 Rc1 48.Ne2 Re1 49.Rf3+ Kg7
50.Nd4 Bd5 51.Rg3 Kf6 52.h5 Be4 53.Kf4 Bd3 54.Rh3 Rf1+ 55.Ke3 Rc1 56.Nb5 Bf5
57.Rh4 Bd7 58.h6 Bxb5 59.h7 Rxc3+ 60.Kf4  1-0

[Event "Open A"]
[Site "Groningen NED"]
[Date "2008.12.28"]
[Round "7"]
[White "Brandenburg,D"]
[Black "De Jong,M"]
[Result "1/2-1/2"]
[WhiteElo "2436"]
[BlackElo "2349"]

1.e4 c5 2.Nf3 e6 3.d4 cxd4 4.Nxd4 a6 5.Nc3 b5 6.Bd3 Bb7 7.O-O Nc6 8.Be3 Qc7
9.Kh1 Nf6 10.f4 d6 11.Qe2 Be7 12.a4 b4 13.Na2 d5 14.e5 Ne4 15.Nc1 Nxd4 16.Bxd4 g6
17.Nb3 O-O 18.Qe3 f5 19.exf6 Bxf6 20.Bxe4 dxe4 21.Nc5 Bxd4 22.Qxd4 Bd5 23.Qxb4 Rac8
24.Nxa6 Qxc2 25.Qe1 e3 26.Rg1 Rxf4 27.Nb4 Qe4 28.Nxd5 exd5 29.a5 d4 30.a6 d3
31.a7 Ra8 32.Qc3 d2 33.Ra3 Rf2 34.Qb3+ Kg7 35.Qc3+ Kh6 36.Qxe3+ Qxe3 37.Rxe3 Rxa7
38.Rd3 Ra2 39.h3 Rxb2 40.Rd1 Re2 41.Kh2 Kg5  1/2-1/2

[Event "Open A"]
[Site "Groningen NED"]
[Date "2008.12.28"]
[Round "7"]
[White "Bok,B"]
[Black "Rohit,G"]
[Result "1/2-1/2"]
[WhiteElo "2265"]
[BlackElo "2457"]

1.e4 c5 2.Nf3 e6 3.d4 cxd4 4.Nxd4 a6 5.Nc3 Qc7 6.Bd3 Nf6 7.O-O Bc5 8.Nb3 Be7
9.f4 d6 10.a4 Nc6 11.a5 b5 12.axb6 Qxb6+ 13.Kh1 O-O 14.Qf3 Bb7 15.Be3 Qc7
16.Ra4 d5 17.Qh3 Nb4 18.e5 Ne4 19.Bd4 Bc6 20.Raa1 Rfb8 21.Bxe4 dxe4 22.Rac1 Bf8
23.Nd2 Rd8 24.Qe3 Qd7 25.Nb3 Rab8 26.Qf2 Nxc2 27.Qxc2 Ba4 28.Nxa4 Qxa4 29.Bc3 Rxb3
30.Rfe1 g6 31.Ra1 Qb5 32.Qxe4 Bb4 33.Rac1 Bxc3 34.bxc3 Rd2 35.c4 Qc5 36.Rc2 Rd4
37.Qa8+ Kg7 38.Qxa6 Rxf4 39.Rcc1 Rb2 40.Qd6 Qf2 41.Rg1 Rh4 42.Qd3 Qf4 43.h3 Qxe5
44.c5 Rb7 45.c6 Rc7 46.Rge1 Rd4 47.Qc3 Qd6 48.Rcd1 e5 49.Rxd4 exd4 50.Qd3 Rxc6
51.Rd1 f5 52.Qxd4+ Qxd4 53.Rxd4 Kf6 54.Kg1 Rc2 55.Rd7 h6 56.Rd6+ Kg5 57.Ra6 f4
58.Ra5+ Kh4 59.Ra6 g5 60.Ra4 h5 61.Kh2 Rf2 62.Rb4 Re2 63.Ra4 Re3 64.Rb4 Ra3
65.Rc4 Ra2 66.Rb4 Rf2 67.Ra4 g4 68.Rxf4 Rxf4 69.g3+ Kg5 70.gxf4+ Kxf4  1/2-1/2

[Event "Christmas Master Open"]
[Site "Zurich SUI"]
[Date "2008.12.28"]
[Round "4"]
[White "Baramidze,D"]
[Black "Friedrich,N"]
[Result "1-0"]
[WhiteElo "2557"]
[BlackElo "2347"]

1.e4 c5 2.Nf3 e6 3.d4 cxd4 4.Nxd4 a6 5.Nc3 Qc7 6.Bd3 Nc6 7.Nxc6 dxc6 8.O-O Nf6
9.f4 e5 10.Kh1 Bd6 11.f5 b5 12.a4 Rb8 13.Be3 Qe7 14.axb5 axb5 15.Ra7 Bb7
16.Bg5 Bc5 17.Ra1 h6 18.Bh4 Bd4 19.Ne2 Bxb2 20.Ra2 Ba3 21.Ng3 Bc5 22.Nh5 Kf8
23.Ra1 Qd8 24.Nxf6 gxf6 25.Qh5 Rh7 26.Rad1 Qe7 27.Rf3 Kg7 28.Be2 Bb6 29.Rg3+ Kh8
30.Rd7  1-0

[Event "17th Donau Open"]
[Site "Aschach AUT"]
[Date "2008.12.29"]
[Round "5"]
[White "Mazi,L"]
[Black "Mayerhofer,P"]
[Result "1-0"]
[WhiteElo "2374"]
[BlackElo "2175"]

1.e4 c5 2.Nf3 e6 3.d4 cxd4 4.Nxd4 a6 5.Nc3 Qc7 6.g3 Bb4 7.Bd2 Nf6 8.Bg2 Be7
9.f4 d6 10.Qe2 Nc6 11.Nb3 O-O 12.g4 Nd7 13.g5 Re8 14.O-O-O Nc5 15.Nxc5 dxc5
16.e5 Bd7 17.Ne4 Nd4 18.Qg4 Bc6 19.h4 Kh8 20.h5 Bf8 21.g6 h6 22.Rhg1 Nf5
23.Nf6 Red8 24.Bxc6 bxc6 25.Ne4 Rab8 26.Rde1 c4 27.Qf3 Nd4 28.Qc3 Qb6 29.Rg3 a5
30.a3 Nb5 31.Qxa5 Qb7 32.Be3 Nxa3 33.Bb6 Rd5 34.Qa7 Qxb6 35.Qxb6 Rxb6 36.bxa3 c3
37.Rxc3 fxg6 38.hxg6 Ra6 39.Kb2 Rb5+ 40.Ka2 Rab6 41.Rd1 Kg8 42.Rb3 Rb8 43.Nd6 Bxd6
44.Rxd6 Rxb3 45.cxb3 Rf8 46.a4 h5 47.Rxc6 h4 48.a5 h3 49.Rc3 h2 50.Rh3 Rxf4
51.Rxh2 Re4 52.Rc2 Kf8 53.a6 Rxe5 54.b4 Rd5 55.a7 Rd8 56.b5  1-0

[Event "Open A"]
[Site "Groningen NED"]
[Date "2008.12.29"]
[Round "8"]
[White "De Jong,M"]
[Black "Rohit,G"]
[Result "1/2-1/2"]
[WhiteElo "2349"]
[BlackElo "2457"]

1.e4 c5 2.Nf3 e6 3.d4 cxd4 4.Nxd4 a6 5.Nc3 Qc7 6.Bd3 Nf6 7.Qe2 d6 8.O-O Be7
9.f4 Nbd7 10.Kh1 b6 11.Bd2 Bb7 12.a4 O-O 13.Rae1 Rfd8 14.Nf3 Nc5 15.b4 Nxd3
16.cxd3 Rdc8 17.Rb1 Qd8 18.Rfc1 Bf8 19.Be3 Nd7 20.Qf2 g6 21.Bd4 Bh6 22.Ne2 Rxc1+
23.Rxc1 Rc8 24.Rxc8 Qxc8 25.Qh4 Bf8 26.Bc3 Bc6 27.f5 e5 28.Ng5 h6 29.fxg6 fxg6
30.Ne6 Bxa4 31.Qg4 Qe8 32.Nxf8 Nxf8 33.Bd2 h5 34.Qg5 Ne6 35.Qh6 Qf7 36.Be3 Bc2
37.Bxb6 Bxd3 38.Ng3 Qf6 39.Qd2 Bb5 40.Qxd6 h4 41.Bd8 Qxd8 42.Qxe6+ Kg7 43.Qxe5+ Kh7
44.h3 hxg3 45.Qxg3 Qe7 46.Qf4 Kg7 47.e5 Qf7 48.Qd4 Qc4 49.Qa7+ Kf8 50.Qb8+ Kf7
51.Qd6 Qc6 52.Qd4 Ke6 53.h4 Bc4 54.Kh2 Bd5 55.Qf4 Kd7 56.Qg4+ Kc7 57.Qg5 Kb6
58.Qf6 Qxf6 59.exf6 Kb5 60.g4 Bf7 61.Kg3 Kxb4 62.Kf4 a5 63.Kg5 a4 64.h5 gxh5
65.gxh5 a3 66.h6 a2 67.h7 a1=Q 68.h8=Q Qe5+ 69.Kh6 Be8 70.Qf8+ Kc4 71.Qe7  1/2-1/2

[Event "Open A"]
[Site "Gjovik NOR"]
[Date "2008.12.30"]
[Round "2"]
[White "Haug,M"]
[Black "Stray,G"]
[Result "1/2-1/2"]
[WhiteElo "1940"]
[BlackElo "2124"]

1.e4 c5 2.Nf3 e6 3.d4 cxd4 4.Nxd4 a6 5.Nc3 Qc7 6.Be2 Nf6 7.O-O Nc6 8.Kh1 Nxd4
9.Qxd4 Bc5 10.Qd3 b5 11.f4 Bb7 12.Bf3 h5 13.e5 Ng4 14.Bxb7 Qxb7 15.Ne4 Be7
16.Be3 Rc8 17.Bg1 h4 18.Qf3 Qc6 19.Qxg4 Qxe4 20.Qxg7 Rh7 21.Qg8+ Bf8 22.Rae1 Qf5
23.c3 h3 24.Qg3 Rc4 25.Rf3 hxg2+ 26.Qxg2 d5 27.Qg5 Qxg5 28.fxg5 Rg4 29.Be3 Re4
30.Rf4 Rxe5 31.Rf3 Bd6 32.h3 Rh4 33.Rg1 b4 34.g6  1/2-1/2

[Event "38th Rilton Cup 2008-9"]
[Site "Stockholm SWE"]
[Date "2008.12.30"]
[Round "4"]
[White "Forsberg,V"]
[Black "Glimbrant,T"]
[Result "0-1"]
[WhiteElo "2210"]
[BlackElo "2254"]

1.e4 c5 2.Nf3 e6 3.Nc3 a6 4.d4 cxd4 5.Nxd4 Nc6 6.Nxc6 bxc6 7.Bd3 d5 8.O-O Nf6
9.Re1 Be7 10.e5 Nd7 11.Qg4 g6 12.Na4 c5 13.b3 c4 14.Bf1 cxb3 15.axb3 O-O
16.Bh6 Re8 17.Bd3 Qc7 18.Qg3 a5 19.h4 Ba6 20.c4 dxc4 21.bxc4 Rab8 22.h5 Rb3
23.hxg6 hxg6 24.Re3 Bf8 25.Bxf8 Rxf8 26.Rae1 Kg7 27.Qf4 Qc6 28.Rh3 Rh8 29.Ree3 Qxa4
30.Rxh8 Kxh8 31.Qh6+ Kg8 32.Rh3 Qa1+ 33.Kh2 Qxe5+ 34.f4 Qg7 35.Qg5 Qf6 36.Qxa5 Qxf4+
37.Kg1 Qd4+ 38.Kh2 Qe5+  0-1

[Event "Open A"]
[Site "Gjovik NOR"]
[Date "2008.12.31"]
[Round "3"]
[White "Tiviakov,S"]
[Black "Kaplan,S"]
[Result "1-0"]
[WhiteElo "2686"]
[BlackElo "2425"]

1.e4 c5 2.Nf3 e6 3.d4 cxd4 4.Nxd4 a6 5.Nc3 Qc7 6.Bd3 Nf6 7.O-O Be7 8.Qe2 d6
9.Kh1 Nc6 10.Nxc6 bxc6 11.f4 O-O 12.Bd2 d5 13.Rae1 g6 14.exd5 cxd5 15.f5 Bd7
16.Bh6 Bd6 17.fxg6 fxg6 18.Bxf8 Rxf8 19.Bxa6 Bxh2 20.Nb5 Qb8 21.Nd4 Ne4 22.Rxf8+ Kxf8
23.Qf3+ Kg7 24.Bd3 Bg3 25.Rf1 Qd8 26.Qf7+ Kh6 27.Qf8+ Qxf8 28.Rxf8 Nf2+ 29.Kg1 Nxd3
30.cxd3 Be5 31.Nf3 Bxb2 32.d4 g5 33.Rd8 Ba4 34.g4 Bd1 35.Kf2 Kg7 36.Rd7+ Kf6
37.Rxh7 Bxf3 38.Kxf3 Bxd4 39.a4 e5 40.a5 e4+ 41.Ke2  1-0

[Event "Masters"]
[Site "Hastings ENG"]
[Date "2009.01.02"]
[Round "6"]
[White "Anderson,J"]
[Black "Eggleston,D"]
[Result "1-0"]
[WhiteElo "2213"]
[BlackElo "2368"]

1.e4 c5 2.Nf3 e6 3.Nc3 a6 4.d4 cxd4 5.Nxd4 Qc7 6.Be2 Nc6 7.O-O Nxd4 8.Qxd4 Ne7
9.Be3 Nc6 10.Qb6 Qxb6 11.Bxb6 g5 12.g3 h5 13.f4 gxf4 14.gxf4 Be7 15.Rad1 f6
16.Kh1 Bd8 17.Na4 Be7 18.a3 h4 19.c4 Bd8 20.Rg1 e5 21.fxe5 Nxe5 22.c5 Be7
23.Nc3 a5 24.Nd5 Ra6 25.Nxe7 Kxe7 26.Rg7+ Kf8 27.Rdg1 h3 28.Bxa6 bxa6 29.c6 dxc6
30.Bc5+ Ke8 31.Re7+ Kd8 32.Rgg7 Nd7 33.Bd4 Rh5 34.Kg1 c5 35.Bc3 Rg5+ 36.Kf2 Rxg7
37.Rxg7 Bb7 38.Ke3 Bc6 39.Bxa5+ Ke8 40.Bc3 Kf8 41.Rh7 Kg8  1-0

[Event "Australian Open"]
[Site "Manly Sydney AUS"]
[Date "2009.01.03"]
[Round "2"]
[White "Javor,S"]
[Black "Russell,Lut"]
[Result "1/2-1/2"]
[WhiteElo "2279"]
[BlackElo "1786"]

1.e4 c5 2.Nf3 e6 3.d4 cxd4 4.Nxd4 a6 5.Nc3 Qc7 6.Nb3 Nf6 7.a3 b5 8.g3 Bb7
9.Bg2 Be7 10.O-O d6 11.Be3 Nbd7 12.f4 O-O 13.g4 Nc5 14.Nxc5 dxc5 15.g5 Rad8
16.Qe2 Nd7 17.Rad1 b4 18.Nb1 c4 19.axb4 Bxb4 20.c3 Bc5 21.Nd2 Nb6 22.Kh1 Bxe3
23.Qxe3 Rd3 24.Qe2 Rfd8 25.Nb1 g6 26.Rxd3 cxd3 27.Qf2 a5 28.Rd1 a4 29.Na3 Nc4
30.Nxc4 Qxc4 31.Qb6 Rd7 32.Qe3 Qb5 33.Qd2 Qb3 34.e5 Bd5 35.Bxd5 Qxd5+ 36.Qg2 Qc4
37.Qf2 Qe4+ 38.Kg1 Qd5 39.Qe3 Qb5 40.Qd2 Qd5 41.Kf2 Qe4  1/2-1/2

[Event "Open A"]
[Site "Gjovik NOR"]
[Date "2009.01.04"]
[Round "6"]
[White "Caspi,I"]
[Black "Korneev,O"]
[Result "0-1"]
[WhiteElo "2408"]
[BlackElo "2623"]

1.e4 c5 2.Nc3 a6 3.Nf3 e6 4.d4 cxd4 5.Nxd4 Qc7 6.Qf3 d6 7.Bd3 Ne7 8.Qg3 Nec6
9.Be3 Nxd4 10.Bxd4 Nc6 11.Be3 b5 12.O-O g6 13.Rad1 Rb8 14.f4 Bg7 15.f5 Be5
16.Qh4 Qe7 17.Bg5 f6 18.Be3 Bxc3 19.bxc3 exf5 20.Kh1 g5 21.Qh5+ Qf7 22.Qxf7+ Kxf7
23.exf5 Re8 24.Bf2 Bb7 25.c4 b4 26.c5 d5 27.Bg3 Ne5 28.Be2 Re7 29.Rd4 a5
30.a3 bxa3 31.Ra4 Bc6 32.Rxa3 a4 33.Bf2 Nc4 34.Bh5+ Kg7 35.Rg3 Nd2 36.Ra1 Ne4
37.Rf3 Nxf2+ 38.Rxf2 Rb5 39.h4 gxh4 40.Be2 Rxc5 41.Bd3 Ra7 42.Rf4 a3 43.Rb4 a2
44.Rb2 Rca5 45.Kh2 Be8 46.Kh3 Ra4 47.Rb8 Bf7 48.Rb6 Re7 49.Rb2 d4 50.Kxh4 Raa7
51.g4 Reb7  0-1

[Event "Open A"]
[Site "Gjovik NOR"]
[Date "2009.01.04"]
[Round "6"]
[White "Strand,Kj"]
[Black "Lohou,S"]
[Result "0-1"]
[WhiteElo "2057"]
[BlackElo "2132"]

1.e4 c5 2.Nf3 e6 3.d4 cxd4 4.Nxd4 a6 5.Nc3 Qc7 6.Bd3 Nf6 7.O-O d6 8.Kh1 b5
9.f4 Bb7 10.Qf3 Nbd7 11.f5 e5 12.Nde2 Be7 13.Bg5 O-O 14.Ng3 b4 15.Nce2 d5
16.c3 dxe4 17.Bxe4 Nxe4 18.Bxe7 Nef6 19.Qd3 Qc6 20.Qf3 Qc7 21.Qd3 Qc6 22.Qf3 e4
23.Qf4 Nd5 24.Nd4 Qc8 25.Qxe4 Re8 26.f6 N7xf6 27.Qh4 Rxe7 28.Ndf5 Re6 29.Rae1 bxc3
30.Qg5 Qf8 31.Nh5 Rxe1 32.Nxf6+ Nxf6 33.Rxe1 cxb2 34.h4 Ne4 35.Qf4 Re8 36.Kh2 Nf6
37.Rb1 Re4 38.Qc7 Ng4+ 39.Kg3 Qa3+  0-1

[Event "Masters"]
[Site "Hastings ENG"]
[Date "2009.01.04"]
[Round "8"]
[White "Cannon,Ra"]
[Black "Chowdhury,So"]
[Result "0-1"]
[WhiteElo "2041"]
[BlackElo "2168"]

1.e4 c5 2.Nf3 e6 3.Nc3 a6 4.d4 cxd4 5.Nxd4 Qc7 6.Be2 Nf6 7.a3 d6 8.O-O Nbd7
9.f4 Be7 10.Be3 b6 11.Bf3 Bb7 12.Nb3 O-O 13.Qd2 Rac8 14.Rae1 Rfe8 15.Bd4 e5
16.fxe5 dxe5 17.Be3 Bxa3 18.Nd5 Bxd5 19.exd5 Bxb2 20.c4 Ba3 21.Ra1 Qd6 22.Qa2 Bc5
23.Nxc5 Nxc5 24.Qa3 a5 25.Rfb1 h5 26.Rb5 Nce4 27.Qd3 Nc5 28.Qa3 e4 29.Be2 Nfd7
30.Bxh5 Qe5 31.Bg4 f5 32.Bh5 Rf8 33.Bxc5 Nxc5 34.Be2 Qd4+ 35.Kh1 f4 36.Bg4 Nd3
37.Be6+ Kh7 38.h3 f3 39.gxf3 Rxf3 40.Ra2 Rxc4 41.d6 Rf1+  0-1

[Event "Australian Open"]
[Site "Manly Sydney AUS"]
[Date "2009.01.04"]
[Round "4"]
[White "Illingworth,M"]
[Black "Morris,J"]
[Result "1/2-1/2"]
[WhiteElo "2250"]
[BlackElo "2089"]

1.d4 e6 2.Nf3 c5 3.e4 cxd4 4.Nxd4 a6 5.Nc3 Qc7 6.Bd3 Nf6 7.f4 Bb4 8.Bd2 b5
9.e5 Bxc3 10.Bxc3 Nd5 11.Bd2 d6 12.exd6 Qxd6 13.Qf3 Bb7 14.O-O-O Nc6 15.Nxc6 Bxc6
16.Rhe1 Nc3 17.Bxc3 Bxf3 18.Bxb5+ Ke7 19.Rxd6 Kxd6 20.Bf1 Bd5 21.Bxg7 Rhg8
22.Be5+ Ke7 23.g3 Rac8 24.b3 f5 25.Bd3 h5 26.Bxa6 Ra8 27.Bb5 Rxa2 28.Ba4 Rc8
29.Bb2 Be4 30.Re2 Ra8 31.Kb1 R8xa4 32.bxa4 Rxa4 33.Re3 Rc4 34.Bc3 Kd6 35.Kb2 Kc5
36.Re1 Kb5 37.Rb1 Ra4 38.Rg1 Bd5 39.Kc1 Ra3 40.Kb2  1/2-1/2

[Event "Australian Open"]
[Site "Manly Sydney AUS"]
[Date "2009.01.04"]
[Round "4"]
[White "Papp,Al"]
[Black "Russell,Lut"]
[Result "0-1"]
[WhiteElo "2085"]
[BlackElo "1786"]

1.e4 c5 2.Nf3 e6 3.d4 cxd4 4.Nxd4 a6 5.Nc3 Qc7 6.f3 Nf6 7.Be3 b5 8.Qd2 Bb7
9.O-O-O Be7 10.g4 d6 11.Bd3 Nc6 12.g5 Nd7 13.Rhg1 Nde5 14.f4 Nxd4 15.Bxd4 Nf3
16.Qf2 Nxg1 17.Rxg1 e5 18.Bb6 Qd7 19.f5 f6 20.Be2 O-O 21.g6 h6 22.Qh4 Rfc8
23.Be3 Bf8 24.Bd3 d5 25.exd5 Bxd5 26.Kb1 Rc7 27.Bxh6 gxh6 28.Qxf6 Bg7 29.Qh4 Rf8
30.Rf1 Bg2 31.Rf2 Qd4 32.Qxd4 exd4 33.Nd5 Bxd5  0-1

[Event "Australian Open"]
[Site "Manly Sydney AUS"]
[Date "2009.01.05"]
[Round "6"]
[White "Voon,R"]
[Black "Morris,J"]
[Result "0-1"]
[WhiteElo "1976"]
[BlackElo "2089"]

1.e4 c5 2.Nf3 e6 3.Nc3 a6 4.d4 cxd4 5.Nxd4 Qc7 6.Qf3 b5 7.Bd3 Bb7 8.a3 d6
9.O-O Nd7 10.Re1 Ngf6 11.Qg3 h5 12.h3 h4 13.Qe3 Be7 14.Be2 Ne5 15.b3 Rc8
16.Bb2 g5 17.f4 gxf4 18.Qxf4 Qb6 19.Rad1 Rxc3 20.Bxc3 Nxe4 21.Bb2 Bg5 22.Qf1 Be3+
23.Kh2 Ng3 24.Qf6 Rh6 25.Qg7 Bf4 26.Kg1 Rg6 27.Qh8+ Kd7 28.Qxh4 Nxe2+ 29.Kf1 Ng3+
30.Kf2 Nf5 31.Qxf4 Rxg2+ 32.Kf1 Ng3+ 33.Qxg3 Rxg3 34.Rxe5 Rg1+ 35.Kxg1 dxe5
36.Kf1 exd4 37.Rxd4+ Ke7 38.Rf4 Qe3 39.Bf6+ Kd7 40.Bg5 Qxh3+  0-1

[Event "Petrovskaya Ladya GM1"]
[Site "Peterhof RUS"]
[Date "2009.01.06"]
[Round "6"]
[White "Levin,Ev"]
[Black "Kosov,Iv"]
[Result "1/2-1/2"]
[WhiteElo "2484"]
[BlackElo "2383"]

1.e4 c5 2.Nf3 e6 3.d4 cxd4 4.Nxd4 a6 5.Nc3 Qc7 6.Bd3 Nf6 7.O-O d6 8.f4 Nbd7
9.Be3 Be7 10.Qf3 b5 11.a3 Bb7 12.Rae1 Nc5 13.Bf2 O-O 14.Qh3 Nxd3 15.cxd3 Nd7
16.Rc1 Qd8 17.b4 Rc8 18.Be3 Bf6 19.f5 Ne5 20.Bf2 Nc6 21.Nde2  1/2-1/2

[Event "Australian Open"]
[Site "Manly Sydney AUS"]
[Date "2009.01.07"]
[Round "7"]
[White "Stojic,S"]
[Black "Harp,J"]
[Result "0-1"]
[WhiteElo "1972"]
[BlackElo "2031"]

1.e4 c5 2.Nf3 e6 3.d4 cxd4 4.Nxd4 a6 5.Nc3 Qc7 6.Bd3 Nf6 7.O-O Be7 8.Re1 d6
9.a4 O-O 10.a5 Nc6 11.Nb3 Nd7 12.Qh5 g6 13.Qh6 Bf6 14.Be3 b6 15.axb6 Nxb6
16.f4 Bb7 17.Kh1 Bg7 18.Qh4 Nd7 19.f5 Nce5 20.Bf1 Nf6 21.Bg5 Ned7 22.Re3 exf5
23.exf5 Rfe8 24.Rg3 Ne4 25.Nxe4 Rxe4 26.Rg4 Rxg4 27.Qxg4 Qxc2 28.fxg6 hxg6
29.Rc1 Qxb3 30.Qxd7 Qd5 31.h4 Qe4 32.Rc4 Qd5 33.Rc7 Rb8 34.b4 Bd4 35.Qe7 Bb6
36.Rd7 Qf5 37.Bd3 Qh3+  0-1

[Event "Petrovskaya Ladya GM1"]
[Site "Peterhof RUS"]
[Date "2009.01.08"]
[Round "9"]
[White "Fedoseev,Vl3"]
[Black "Savchenko,S"]
[Result "1-0"]
[WhiteElo "2344"]
[BlackElo "2572"]

1.e4 c5 2.Ne2 e6 3.Nbc3 a6 4.d4 cxd4 5.Nxd4 Qc7 6.Bd3 Nf6 7.O-O Bc5 8.Nb3 Be7
9.f4 d6 10.Kh1 Nc6 11.Be3 b5 12.a4 bxa4 13.Rxa4 Nd7 14.Qe2 Nb6 15.Bxb6 Qxb6
16.Rfa1 Bf6 17.Bxa6 Bxc3 18.bxc3 O-O 19.Bxc8 Raxc8 20.g3 Rfd8 21.Rd1 h6 22.Kg2 Ne7
23.c4 Qc6 24.Rda1 d5 25.Nd4 Qc5 26.cxd5 exd5 27.e5 Nc6 28.Nxc6 Rxc6 29.Ra8 Rcc8
30.Rxc8 Rxc8 31.Ra2 Qb6 32.Qg4 Rb8 33.Qd7 Qe3 34.Qg4 g6 35.Qf3 Qd4 36.Qd3 Qc5
37.e6 Re8 38.exf7+ Kxf7 39.Ra6  1-0

[Event "Petrovskaya Ladya GM1"]
[Site "Peterhof RUS"]
[Date "2009.01.08"]
[Round "9"]
[White "Shimanov,A"]
[Black "Kosov,Iv"]
[Result "1-0"]
[WhiteElo "2488"]
[BlackElo "2383"]

1.e4 c5 2.Nf3 e6 3.d4 cxd4 4.Nxd4 a6 5.Nc3 Qc7 6.Bd3 Nf6 7.O-O d6 8.f4 Nbd7
9.Qe2 b6 10.Bd2 Bb7 11.b4 g6 12.Rae1 Bg7 13.e5 dxe5 14.fxe5 Nd5 15.Rxf7 Kxf7
16.Qf1+ Bf6 17.Nxe6 Kxe6 18.Nxd5 Bxd5 19.exf6+ Kf7 20.Re7+ Kg8 21.Bh6 Bf7
22.Be4 Rf8 23.Bxf8 Kxf8 24.Qd3 Be8 25.Qe3 h6 26.Bd5 Qd8 27.Qe6  1-0

[Event "TCh-ISR 2008-9"]
[Site "Israel ISR"]
[Date "2009.01.09"]
[Round "5"]
[White "Kaplan,S"]
[Black "Kudischewitsch,D"]
[Result "0-1"]
[WhiteElo "2425"]
[BlackElo "2343"]

1.e4 c5 2.Nf3 e6 3.d4 cxd4 4.Nxd4 a6 5.Nc3 Ne7 6.Be2 Nec6 7.O-O Be7 8.Nb3 d6
9.f4 O-O 10.Bd3 Nd7 11.Qf3 Re8 12.Bd2 Qc7 13.Rae1 b5 14.Kh1 Bb7 15.Qh3 Nf8
16.Qg3 Qd8 17.Re2 Kh8 18.e5 Ng6 19.exd6 Qxd6 20.Ne4 Qc7 21.Ng5 Bxg5 22.Qxg5 Nce7
23.Re3 Nf5 24.Rh3 Bd5 25.Bc3 Kg8 26.Nd4 h6 27.Qg4 b4 28.Nxf5 exf5 29.Bxf5 bxc3
30.Bxg6 fxg6 31.Rxc3 Qb6 32.b3 Qf2  0-1

[Event "Australian Open"]
[Site "Manly Sydney AUS"]
[Date "2009.01.10"]
[Round "10"]
[White "Canfell,M"]
[Black "Russell,Lut"]
[Result "1/2-1/2"]
[WhiteElo "1931"]
[BlackElo "1786"]

1.e4 c5 2.Nf3 e6 3.d4 cxd4 4.Nxd4 a6 5.Nc3 Qc7 6.Bd3 Nf6 7.O-O b5 8.Qe2 d6
9.Bd2 Be7 10.a4 b4 11.Nd1 d5 12.exd5 Nxd5 13.c3 bxc3 14.Nxc3 Bb7 15.Nxd5 Bxd5
16.Rfc1 Qb7 17.f3 Nd7 18.b4 O-O 19.b5 axb5 20.Bxb5 Nc5 21.Rab1 Bf6 22.Be3 Bxd4
23.Bxd4 Nb3 24.Rxb3 Bxb3 25.Bc6 Qb4 26.Bc5 Qf4 27.Be3 Qb4 28.Bc5  1/2-1/2

[Event "Petrovskaya Ladya GM1"]
[Site "Peterhof RUS"]
[Date "2009.01.10"]
[Round "11"]
[White "Fedoseev,Vl3"]
[Black "Kosov,Iv"]
[Result "1/2-1/2"]
[WhiteElo "2344"]
[BlackElo "2383"]

1.e4 c5 2.Ne2 e6 3.Nbc3 a6 4.d4 cxd4 5.Nxd4 Qc7 6.Bd3 Nf6 7.O-O d6 8.Kh1 Nbd7
9.Nb3 b5 10.f4 Bb7 11.Qe2 Be7 12.Bd2 O-O 13.a4 b4 14.Na2 a5 15.c3 Nc5 16.Nxc5 dxc5
17.e5 Nd5 18.c4 Nb6 19.b3 g6 20.Rad1 Rfd8 21.Nc1 Bf8 22.Bc2 Nc8 23.Nd3 Ne7
24.Nf2 Nf5 25.Be4 Nd4 26.Qe3 Be7 27.Bc1 Nf5 28.Qf3 Bxe4 29.Nxe4 Kg7 30.Bb2 Qc6
31.Nd6 Qxf3 32.Rxf3 Kf8 33.Rfd3 h5 34.g3 Rd7 35.Nxf5 Rxd3 36.Rxd3 gxf5 37.Kg2 Rd8
38.Rxd8+ Bxd8 39.Kf3 Kg7 40.Bc1 Kg6 41.Be3 Be7 42.h3 Kh6 43.g4 hxg4+ 44.hxg4 Kg6
45.Bf2 Kh6 46.gxf5 exf5 47.Kg3 Kg6 48.Kh3 Kh6 49.Be1 Kg6 50.Bd2 Kh6 51.Kg3 Kg6
52.Kf3 Kh5 53.Bc1 Kh6 54.Bb2 Kh5 55.Kg3 Kg6 56.Kh3  1/2-1/2

[Event "6th ch-Mediterranean"]
[Site "Antalya TUR"]
[Date "2009.01.11"]
[Round "1"]
[White "Makropoulou,M"]
[Black "Parligras,M"]
[Result "0-1"]
[WhiteElo "2262"]
[BlackElo "2605"]

1.e4 c5 2.Nf3 e6 3.d4 cxd4 4.Nxd4 a6 5.Nc3 d6 6.Be2 b5 7.O-O Bb7 8.Re1 Nf6
9.Bf3 Nbd7 10.a4 bxa4 11.Rxa4 Nc5 12.Ra1 Be7 13.Qe2 O-O 14.e5 Bxf3 15.Nxf3 dxe5
16.Nxe5 Qb6 17.b3 Rfd8 18.Bb2 Rd4 19.Qf3 Rc8 20.h3 h6 21.Rad1 Rxd1 22.Rxd1 Qc7
23.Nc4 Qb8 24.Ba3 Bf8 25.Bxc5 Rxc5 26.Ne4 Rf5 27.Nxf6+ Rxf6 28.Qe4 Bc5 29.Rd2 Rf5
30.Ne3 Re5 31.Qd3 Qa7 32.Ng4 Re1+ 33.Kh2 Qc7+ 34.Qg3 Qxg3+ 35.Kxg3 f5 36.Nh2 g5
37.Nf3 Re4 38.Rd7 Re2 39.Nd4 Rd2 40.c3 e5 41.Rd8+ Kf7 42.Nc6 Bxf2+ 43.Kh2 Rxd8
44.Nxd8+ Kf6 45.g3 e4 46.Kg2 Bb6 47.Nc6 f4 48.gxf4 gxf4 49.b4 f3+ 50.Kg3 h5
51.h4 Bc7+ 52.Kf2 Kf5 53.c4 Kg4 54.Nd4 Bg3+ 55.Kf1 e3 56.c5 Bxh4 57.c6 Bg3  0-1

[Event "6th ch-Mediterranean"]
[Site "Antalya TUR"]
[Date "2009.01.11"]
[Round "2"]
[White "Hakki,I"]
[Black "Aroshidze,L"]
[Result "0-1"]
[WhiteElo "2417"]
[BlackElo "2526"]

1.e4 c5 2.Nf3 e6 3.Nc3 a6 4.d4 cxd4 5.Nxd4 Qc7 6.Be2 Nf6 7.O-O Nc6 8.Be3 Be7
9.f4 d6 10.a4 O-O 11.Kh1 Re8 12.a5 Nxa5 13.e5 dxe5 14.fxe5 Qxe5 15.Bf4 Qc5
16.Na4 Qa7 17.Bc7 b5 18.Nb6 Rb8 19.Bxb8 Qxb6 20.Be5 Bb7 21.Qe1 Nc4 22.Bxc4 bxc4
23.Qg3 Nh5 24.Qg4 g6 25.Nf3 Bd5 26.Bd4 Qb7 27.Ne5 f5 28.Qe2 Bg5 29.Nf3 Bf6
30.Bxf6 Nxf6 31.Ne5 Qxb2 32.Rxa6 Bxg2+ 33.Kxg2 Qb7+ 34.Rc6 Ng4 35.Kg1 Nxe5
36.Rd6 Qb5 37.Rfd1 Qc5+ 38.Qf2 Qxf2+ 39.Kxf2 Kf7 40.Rb1 Kf6 41.Rdb6 Rd8 42.Ke2 c3
43.Rd1 Rxd1 44.Kxd1 Nc4 45.Rc6 Ne3+ 46.Kc1 Nd5 47.Kd1 g5 48.Ke2 h5 49.Rc8 h4
50.Kf2 h3 51.Rh8 g4 52.Rf8+ Ke5 53.Rc8 Nf6 54.Rc5+ Kf4 55.Rc6 Ne4+ 56.Ke2 g3  0-1

[Event "6th ch-Mediterranean"]
[Site "Antalya TUR"]
[Date "2009.01.11"]
[Round "2"]
[White "Georgiadis,I"]
[Black "Wirig,A"]
[Result "1-0"]
[WhiteElo "2383"]
[BlackElo "2464"]

1.e4 c5 2.Nf3 e6 3.d4 cxd4 4.Nxd4 a6 5.Nc3 Qc7 6.Bd3 b5 7.O-O Bb7 8.Re1 Nf6
9.e5 Nd5 10.Nxd5 Bxd5 11.Qg4 h5 12.Qg5 Nc6 13.Nxc6 Qxc6 14.a4 b4 15.Be3 g6
16.h4 Bg7 17.Bd2 Qc5 18.a5 O-O 19.Qf4 Rfb8 20.Re3 d6 21.exd6 Bxb2 22.Rb1 Qd4
23.Qg5 Qf6 24.Rxb2 Qxb2 25.Re5 Qa1+ 26.Kh2 Qd1 27.Bxg6 Qg4 28.Bxf7+ Kxf7
29.Qe7+ Kg6 30.Rg5+  1-0

[Event "7th Parsvnath Open"]
[Site "New Delhi IND"]
[Date "2009.01.13"]
[Round "4"]
[White "Panchanathan,M"]
[Black "Fenil,S"]
[Result "1-0"]
[WhiteElo "2490"]
[BlackElo "2213"]

1.e4 c5 2.Nf3 e6 3.d4 cxd4 4.Nxd4 a6 5.Nc3 Qc7 6.Be3 Nc6 7.Be2 Nf6 8.O-O Bb4
9.Na4 Be7 10.Nxc6 bxc6 11.Nb6 Rb8 12.Nxc8 Qxc8 13.Bd4 Qc7 14.e5 Nd5 15.b3 c5
16.Bb2 a5 17.Bc4 Nb6 18.Qg4 Nxc4 19.Qxc4 O-O 20.Bc3 d6 21.exd6 Bxd6 22.f4 Rfe8
23.Rae1 Ra8 24.a4 Qc6 25.Rd1 Bf8 26.Rd3 Qa6 27.Rfd1 Qxc4 28.bxc4 g6 29.Rb1 Reb8
30.Rb5 Be7 31.Be5 Rc8 32.Rd7 Kf8 33.Rbb7 Re8 34.Rxe7 Rxe7 35.Bd6 Re8 36.Bxc5 f6
37.Kf2 Kf7 38.Bxe7 Rxe7 39.Rxe7+ Kxe7 40.c5 Kd7 41.Ke3 e5 42.fxe5 fxe5 43.Kd3 Kc6
44.Kc4 e4 45.Kd4 e3 46.Kxe3 Kxc5 47.Kd3 Kb4 48.c4 Kxa4 49.Kc3 h6 50.g4 h5
51.gxh5 gxh5 52.h4  1-0